000 00327nam a2200157Ia 4500
100 _aNarkar/ V.S.
650 _aChemistry
942 _cBK
654 _aChemistry
245 _aApplied Chemistry II
260 _bNandu Pub
_aNew york
_c1992
082 _a660
_bNAR/PAR
300 _a176
546 _aENGLISH
999 _c30229
_d30229